| 000 | 00716nam a2200253 4500 | ||
|---|---|---|---|
| 008 | |||
| 020 | _a0713144793 (pbk.) | ||
| 049 | _aMAIN | ||
| 090 |
_aRG524 _bOBS |
||
| 245 | 0 | 0 |
_aObstetrics, _cby ten teachers / _c edited by Stanley G Clayton ; T.L.T Lewis and G.D Pinker. |
| 250 | _a14th ed. | ||
| 260 | 0 |
_aLondon : _bEdward Arnold, _c1985. |
|
| 300 |
_ax, 468 p. : _bill. ; _c23 cm. |
||
| 500 | _aIncludes index. | ||
| 650 | 2 | _aObstetrics. | |
| 700 | _aClayton, Stanley G. | ||
| 700 | _aLewis, T L T. | ||
| 700 | _aPinker, G. | ||
| 907 |
_a.b10365370 _b11-11-15 _c10-11-15 |
||
| 003 | |||
| 005 | 20230120204209.0 | ||
| 040 | _cNUST | ||
| 942 |
_cBOOKS _kRG524 _mOBS |
||
| 999 |
_c118878 _d118878 |
||